Soviet Foreign Policy in Transition : (Record no. 616927)

MARC details
000 -LEADER
fixed length control field 00525nam a2200193 a 4500
008 - FIXED-LENGTH DATA ELEMENTS--GENERAL INFORMATION
fixed length control field 260304s1992##################000#0#eng##
020 ## - INTERNATIONAL STANDARD BOOK NUMBER
ISBN 9780521413656
082 04 - DEWEY DECIMAL CLASSIFICATION NUMBER
Classification number 327.47
Item number KAN
100 1# - MAIN ENTRY--AUTHOR NAME
Personal name Kanet, Roger E.,
245 10 - TITLE STATEMENT
Title Soviet Foreign Policy in Transition :
260 ## - PUBLICATION, DISTRIBUTION, ETC. (IMPRINT)
Name of publisher Cambridge University Press,
Year of publication 1992.
300 ## - PHYSICAL DESCRIPTION
Number of Pages 342 pages
650 #0 - SUBJECT ADDED ENTRY--TOPICAL TERM
Topical Term Political Science.
942 ## - ADDED ENTRY ELEMENTS (KOHA)
Koha item type English Books
Holdings
Withdrawn status Lost status Damaged status Not for loan Home library Current library Shelving location Date acquired Full call number Accession Number Price effective from Koha item type
        Anna Centenary Library Anna Centenary Library 3RD FLOOR, B WING 04.03.2026 327.47 KAN 231178 04.03.2026 English Books

Find us on the map